La vita con l'AIDS : manuale di consigli per l'assistenza al malato.

Guardat en:
Dades bibliogràfiques
Format: Llibre
Idioma:italià
Publicat: Milano : Associazione solidarieta A.I.D.S., [19..]
Etiquetes: Afegir etiqueta
Sense etiquetes, Sigues el primer a etiquetar aquest registre!

MARC

LEADER 00000nam a22000007i 4500
001 IT\ICCU\MOD\0158820
003 ItRI
005 20260115232223.0
008 010330q19001999it |||||| ||||| |||||c
040 |b ita  |c importazione bologna sebina 
041 7 |a ita  |2 ISO-639-2 
245 0 3 |a La vita con l'AIDS :  |b manuale di consigli per l'assistenza al malato. 
260 |a Milano :  |b  Associazione solidarieta A.I.D.S.,  |c [19..] 
300 |a 36 p. :  |b ill. ;  |c 21 cm 
500 |a Tit. della cop. 
942 |2 ddc  |c BK  |n 0 
952 |0 0  |1 0  |4 0  |6 A_616_979000000000000_ASA  |7 0  |9 22262  |a BO  |b BO  |d 2026-01-15  |i 12363  |l 0  |o A 616.979 ASA  |p BO12363  |r 2026-01-15 23:22:23  |w 2026-01-15  |x [Sebina 5] [1 v.]  |y BK  |z 1 v. 
999 |c 19015  |d 19015